00660nam a22001937a 4500999001500000001000400015003000900019005001700028008004100045040003800086082002300124245008700147260003900234300002200273505008700295650004400382700002800426942001200454 c7181d7181481BD-DhUAP20210117112712.0210117s2011 bg x p w 0 a0eng d aBD-DhAALcBD-DhAALbEngdBD-DhUAP00a348.549204 DHA22300aThe Dhaka Law Reports :ba monthly law journal /cedited by Obaidul Huq Chowdhury. aDhaka :bDhaka law reports,c2011. avolumes ;c26 cm. aV. 63-Table of cases of the appellate division of the supreme court of Bangladesh. aLaw reports, digests, etc.zBangladesh. aChowdhury, Obaidul Huq. 2ddccBK